000 00339 a2200157 4500
001 180464
020 _a
040 _cMagnum
100 _aGiovanni, Jose Ruy
240 1 0 _aMatematica/livro 1/2 grau
_lpor
245 1 0 _aMatematica/livro 1/2 grau
362 0 _a1899
440 1 _aFTD
697 _aMAGNITO: PARADIDATICO
942 _cBK
999 _c180464
_d180464